Wings of Fire (Record no. 163834)

MARC details
000 -LEADER
fixed length control field 00443nam a2200193Ia 4500
008 - FIXED-LENGTH DATA ELEMENTS--GENERAL INFORMATION
fixed length control field 240823s9999||||xx |||||||||||||| ||und||
020 ## - INTERNATIONAL STANDARD BOOK NUMBER
International Standard Book Number 81 7371 1461
082 ## - DEWEY DECIMAL CLASSIFICATION NUMBER
-- 920 p3
100 ## - MAIN ENTRY--PERSONAL NAME
Personal name Abdul Kalam A P J
245 #0 - TITLE STATEMENT
Title Wings of Fire
250 ## - EDITION STATEMENT
Edition statement 1st
260 ## - PUBLICATION, DISTRIBUTION, ETC. (IMPRINT)
Date of publication, distribution, etc 2003
Name of publisher, distributor, etc "University Press,Hyde"
500 ## - GENERAL NOTE
General note YES
650 ## - SUBJECT ADDED ENTRY--TOPICAL TERM
Topical term or geographic name as entry element An Autography
942 ## - ADDED ENTRY ELEMENTS (KOHA)
Item type Books
Holdings
Withdrawn status Lost status Damaged status Permanent location Current location Date acquired Source of acquisition Cost, normal purchase price Full call number Barcode Date last seen Koha item type Shelving location
      CENTRAL LIBRARY, NOORUL ISLAM CENTRE FOR HIGHER EDUCATION CENTRAL LIBRARY, NOORUL ISLAM CENTRE FOR HIGHER EDUCATION 07/12/2003 Sri Mariyamman Stores 200.00 920 p3 18717 08/23/2024 Books  
      CENTRAL LIBRARY, NOORUL ISLAM CENTRE FOR HIGHER EDUCATION CENTRAL LIBRARY, NOORUL ISLAM CENTRE FOR HIGHER EDUCATION 03/06/2026 Gift Books   920 Q7 85222 03/06/2026 Books General stacks
Visitors:
Copyright © 2024 Central Library NICHE.  All rights reserved.